000 00551nam a2200205Ia 4500
999 _c31300
_d31300
003 OSt
005 20260202135503.0
008 250310s9999||||xx |||||||||||||| ||und||
020 _a0408004983
040 _c.
082 _a623.8503
_bW3371
100 _91
_aWatson, G. O.
245 0 _aMarine Electrical Practice /
_cby G. O. Watson
250 _a5th ed.
260 _aLondon :
_bNewnes Butterworths,
_c1983.
300 _aviii, 444 p.
440 _96534
_aMarine engineering series
650 0 _9898
_aShips--Electric equipment
942 _cBK
_2ddc